|
|
|
|
| LEADER |
01306nam a2200337 a 4500 |
| 001 |
17670 |
| 003 |
BD-DhAAL |
| 005 |
20140521170236.0 |
| 008 |
140521s1995 enk b 001 0 eng |
| 010 |
|
|
|a 95009130
|
| 020 |
|
|
|a 0415098203 (hbk)
|
| 020 |
|
|
|a 0415098211 (pbk)
|
| 040 |
|
|
|a DLC
|c DLC
|d DLC
|d BD-DhAAL
|
| 050 |
0 |
0 |
|a HQ1190
|b .G746 1995
|
| 082 |
0 |
0 |
|a 305.42/01
|2 20
|
| 100 |
1 |
|
|a Griffiths, Morwenna,
|d 1948-
|9 4636
|
| 245 |
1 |
0 |
|a Feminisms and the self :
|b the web of identity /
|c Morwenna Griffiths.
|
| 260 |
|
|
|a London ;
|a New York :
|b Routledge,
|c 1995.
|
| 300 |
|
|
|a x, 220 p. ;
|c 24 cm.
|
| 500 |
|
|
|a Simultaneously published in the USA and Canada.
|
| 504 |
|
|
|a Includes bibliographical references (p. [201]-211) and index.
|
| 541 |
|
|
|e 17670
|
| 650 |
|
0 |
|a Feminist theory.
|9 4637
|
| 650 |
|
0 |
|a Identity (Psychology)
|9 4418
|
| 650 |
|
0 |
|a Change.
|9 4638
|
| 650 |
|
0 |
|a Autonomy.
|9 4639
|
| 852 |
|
|
|a Ayesha Abed Library
|b ENH
|
| 856 |
4 |
2 |
|3 Publisher description
|u http://www.loc.gov/catdir/enhancements/fy0648/95009130-d.html
|
| 942 |
|
|
|2 ddc
|c BK
|
| 999 |
|
|
|c 14365
|d 14365
|
| 952 |
|
|
|0 0
|1 0
|2 ddc
|4 0
|6 305_420100000000000_GRI
|7 0
|9 24349
|a BRACUL
|b BRACUL
|c GEN
|d 2014-05-21
|l 2
|o 305.4201 GRI
|p 3010017670
|r 2026-03-01
|s 2026-02-22
|t 1
|w 2014-05-21
|y BK
|x Transferred from ENH to Ayesha Abed library on 20/12/2023
|